[Event "Norrbotten op"]
[Site "Norrbotten"]
[Date "2001.01.06"]
[Round "3"]
[White "Asplund, Stig Lennart"]
[Black "Bostrom, Curt"]
[Result "0-1"]
[WhiteElo "1779"]
[BlackElo "1604"]
[PlyCount "68"]
[EventDate "2001.01.??"]
[EventType "swiss"]
[EventRounds "6"]
[EventCountry "SWE"]
[SourceTitle "CBM 080 Extra"]
[Source "ChessBase"]
[SourceDate "2001.03.08"]
[SourceVersion "1"]
[SourceVersionDate "2001.03.08"]
[SourceQuality "1"]

1. d4 Nf6 2. c4 e6 3. Nf3 b6 4. g3 Bb7 5. Bg2 Bb4+ 6. Bd2 Bxd2+ 7. Qxd2 0-0 8. Nc3 d6 9. Qc2 Nbd7 10. 0-0 Re8 11. Rfe1 a6 12. Rad1 Qe7 13. Rd2 Rad8 14. e4 e5 15. d5 h6 16. Nh4 Bc8 17. Nf5 Qf8 18. Rde2 g6 19. Nh4 Nh5 20. Bh3 Ndf6 21. Bxc8 Rxc8 22. Qc1 Kh7 23. a3 Nd7 24. Ng2 Re7 25. Na2 f5 26. exf5 Qxf5 27. Nh4 Qf6 28. Nb4 Nb8 29. Nc2 Nd7 30. Nd4 Rf7 31. Ne6 Nf8 32. Nxf8+ Rcxf8 33. Qe3 Ng7 34. Ng2 Nf5 0-1